The study of TGF Alpha Taq1 polymorphism in Chinese patients with cleet lip and palate /
Saved in:
| 主要作者: | |
|---|---|
| 格式: | Thesis 图书 |
| 语言: | English |
| 出版: |
2012
|
| 主题: | |
| 标签: |
添加标签
没有标签, 成为第一个标记此记录!
|
| LEADER | 00898cam a2200241 a 4500 | ||
|---|---|---|---|
| 001 | u891569 | ||
| 003 | SIRSI | ||
| 005 | 200907291647 | ||
| 008 | 090729s2012 my a m 000 0 eng | ||
| 040 | |a UMG | ||
| 096 | |a WU100 |b UM 2012 Norah | ||
| 100 | 0 | |a Nor Adilah Harun. | |
| 245 | 1 | 0 | |a The study of TGF Alpha Taq1 polymorphism in Chinese patients with cleet lip and palate / |c Nor Adilah Harun. |
| 260 | |c 2012 | ||
| 300 | |a iv, 93 leaves : |b ill. (some col.) ; |c 30 cm. | ||
| 502 | |a Dissertation (M.Clin.Dent.) -- Jabatan Pembedahan Mulut dan Maksilofasial, Fakulti Pergigian, Universiti Malaya, 2012 | ||
| 504 | |a Bibliography: leaves 81-90. | ||
| 650 | 2 | |a Cleft Lip. | |
| 650 | 2 | |a Cleft Palate. | |
| 710 | 2 | 0 | |a Universiti Malaya. |b Jabatan Pembedahan Mulut dan Maksilofasial. |
| 900 | |a MFAA | ||
| 596 | |a 10 | ||
| 999 | |a WU100 UM 2012 NORAH |w NLM |c 1 |i A516269377 |l STACKS |m P10PERGIGI |r N |s Y |t TESIS |u 28/10/2016 | ||
